Music Quiz

Random Music or Logic Quiz

K-Pop Logic Quiz 2 Stats

 Plays Quiz not verified by Sporcle

Score 0/30 Timer 15:00
2 Plays Today
... Answer % Correct




A1
???
100%




B3
???
93%




E3
???
87.3%




C3
???
77.7%




A6
???
77%




A5
???
76.2%




B4
???
68.1%




C1
???
67.5%




E6
???
66.9%




B1
???
66.6%




A3
???
52%




D2
???
51.7%




C4
???
50.2%




B2
???
47.8%




D1
???
45%
... Answer % Correct




D5
???
42.6%




D4
???
40.5%




E2
???
40%




B6
???
40%




D6
???
38.6%




A2
???
37.8%




C6
???
36%




E1
???
35.1%




A4
???
34.5%




B5
???
31.4%




D3
???
31%




E4
???
30.6%




C5
???
30%




E5
???
27.9%




C2
???
27.6%

You're not logged in!

Compare scores with friends on all Sporcle quizzes.
Join for Free
OR
Log In

You Might Also Like...

Show Comments

Extras

Top Quizzes Today


Score Distribution

Your Account Isn't Verified!

In order to create a playlist on Sporcle, you need to verify the email address you used during registration. Go to your Sporcle Settings to finish the process.

Report this User

Report this user for behavior that violates our Community Guidelines.

Details: